Tiếp thị chìa khoá vàng trong kinh doanh

محفوظ في:
التفاصيل البيبلوغرافية
المؤلف الرئيسي: Trần, Xuân Kiên
التنسيق: كتاب
اللغة:Undetermined
منشور في: Hà Nội Thanh Niên 2006
الموضوعات:
الوسوم: إضافة وسم
لا توجد وسوم, كن أول من يضع وسما على هذه التسجيلة!
Thư viện lưu trữ: Trung tâm Học liệu Trường Đại học Cần Thơ
LEADER 00556nam a2200205Ia 4500
001 CTU_118675
008 210402s9999 xx 000 0 und d
020 |c 21000 
082 |a 658.8 
082 |b K305 
100 |a Trần, Xuân Kiên 
245 0 |a Tiếp thị chìa khoá vàng trong kinh doanh 
245 0 |c Trần Xuân Kiên 
260 |a Hà Nội 
260 |b Thanh Niên 
260 |c 2006 
650 |a Marketing 
650 |x Management 
904 |i Tuyến 
980 |a Trung tâm Học liệu Trường Đại học Cần Thơ